Bay, Island, Lake, Mountain, or River - Asian Geography Click Quiz - Statistics

General Stats
  • This quiz has been taken 175 times
  • The average score is 22 of 30
Answer Stats
Hint Answer % Correct
Bali Island
94%
Everest Mountain
94%
Borneo Island
92%
K2 Mountain
92%
Fuji Mountain
88%
Mekong River
87%
Baikal Lake
86%
Caspian Lake
85%
Indus River
83%
Bengal Bay
80%
Sulawesi Island
80%
Dead Lake
80%
Ararat Mountain
80%
Komodo Island
77%
Ob River
77%
Aral Lake
75%
Hainan Island
74%
Tokyo Bay
73%
Jordan River
73%
Brahmaputra River
72%
Lena River
71%
Cebu Island
69%
Jeju Island
67%
Korea Bay
63%
Kangchenjunga Mountain
62%
Manila Bay
58%
Van Lake
55%
Lhotse Mountain
52%
Subic Bay
38%
Akan Lake
21%
No matching quizzes found
Score Distribution
Percent of People with Each Score
Percentile by Number Answered
Your Score History
You have not taken this quiz